00622 2200205 4500001002100000005001500021007000300036008004100039020002200080035002000102082001000122084001700132110002600149245007700175260009100252300003800343650001300381650001300394650000900407INLIS00000000000149620250922102439ta250922 g 0 ind  a978-602-6954-78-7 a0010-0925000010 a636.5 a636.5 BPT b0 aBPTP Sulawesi Selatan1 aBudidaya Ayam Kampung Unggul Balitbangtan (KUB) /cBPTP Sulawesi Selatan aJakarta :bBalai Besar Pengkajian dan Pengembangan Teknologi Pertanian (BBP2TP),c2021 a27 hlm, :bilus, ;c15 cm x 21 cm 4aAyam KUB 4aBudidaya 4aBuku